<?xml version="1.0" encoding="UTF-8"?><?xml-stylesheet type="text/xsl" href="static/style.xsl"?><OAI-PMH xmlns="http://www.openarchives.org/OAI/2.0/" xmlns:xsi="http://www.w3.org/2001/XMLSchema-instance" xsi:schemaLocation="http://www.openarchives.org/OAI/2.0/ http://www.openarchives.org/OAI/2.0/OAI-PMH.xsd"><responseDate>2026-04-17T06:45:40Z</responseDate><request verb="GetRecord" identifier="oai:www.recercat.cat:10256/15855" metadataPrefix="marc">https://recercat.cat/oai/request</request><GetRecord><record><header><identifier>oai:recercat.cat:10256/15855</identifier><datestamp>2024-06-14T09:44:21Z</datestamp><setSpec>com_2072_452955</setSpec><setSpec>com_2072_2054</setSpec><setSpec>col_2072_453064</setSpec></header><metadata><record xmlns="http://www.loc.gov/MARC21/slim" xmlns:dcterms="http://purl.org/dc/terms/" xmlns:xsi="http://www.w3.org/2001/XMLSchema-instance" xmlns:doc="http://www.lyncode.com/xoai" xsi:schemaLocation="http://www.loc.gov/MARC21/slim http://www.loc.gov/standards/marcxml/schema/MARC21slim.xsd">
   <leader>00925njm 22002777a 4500</leader>
   <datafield ind2=" " ind1=" " tag="042">
      <subfield code="a">dc</subfield>
   </datafield>
   <datafield ind2=" " ind1=" " tag="720">
      <subfield code="a">Rossich, Albert</subfield>
      <subfield code="e">author</subfield>
   </datafield>
   <datafield ind2=" " ind1=" " tag="260">
      <subfield code="c">2018</subfield>
   </datafield>
   <datafield ind2=" " ind1=" " tag="520">
      <subfield code="a">In this article I present a panoramic perspective of the editions of Catalan texts of the modern era, written between 1601 and 1832, for which importance they needed to be included in the Corpus de la gramàtica del català modern. The geographic areas covered are the Catalunya Nord, the Principat, and Andorra. The inventory of texts does not pretend to be exhaustive, but their incorporation in the Corpus is due to very specific criteria that are also discussed here</subfield>
   </datafield>
   <datafield ind2=" " ind1=" " tag="520">
      <subfield code="a">En aquest article es presenta una visió panoràmica de les edicions de textos catalans de l’edat moderna existents,&#xd;
compostos entre 1601 i 1832 i que per la seva rellevància no podien faltar en el Corpus de la gramàtica del català modern.&#xd;
L’àmbit geogràfic tingut en compte abraça la Catalunya Nord, el Principat i Andorra. Les edicions inventariades no pretèn&#xd;
esser exhaustiu, però la seva selección respon a uns criteris fixos que també es presenten</subfield>
   </datafield>
   <datafield ind1="8" ind2=" " tag="024">
      <subfield code="a">http://hdl.handle.net/10256/15855</subfield>
   </datafield>
   <datafield tag="653" ind2=" " ind1=" ">
      <subfield code="a">Català -- S. XVII-XIX</subfield>
   </datafield>
   <datafield tag="653" ind2=" " ind1=" ">
      <subfield code="a">Catalan language -- 17-19th centuries</subfield>
   </datafield>
   <datafield ind2="0" ind1="0" tag="245">
      <subfield code="a">Edicions de textos literaris i didàctics de l'Edat Moderna a Catalunya (1601-1832)</subfield>
   </datafield>
</record></metadata></record></GetRecord></OAI-PMH>